Diseño de un circuito electrónico para sustituir el órgano SR de una central telefónica Ericsson ARF-102

Uloženo v:
Podrobná bibliografie
Hlavní autor: González Cascante, José William
Další autoři: Yang Hung, Chi Lin
Médium: Kniha
Vydáno: San José, C.R. 1997
Témata:
Tagy: Přidat tag
Žádné tagy, Buďte první, kdo vytvoří štítek k tomuto záznamu!

MARC

LEADER 00000nam a2200000Ia 4500
003 008175
005 20221231144232.0
008 140114s1997 cr a m 000 ||s d
040 |c cru CEDI 
090 |a TFG 3641 
100 |a González Cascante, José William  |9 9565 
245 |a Diseño de un circuito electrónico para sustituir el órgano SR de una central telefónica Ericsson ARF-102  
260 |c 1997  |a  San José, C.R.  
300 |a  xi, 87 hojas  
500 |a  Proyecto de graduación (bachillerato en ingeniería eléctrica)--Universidad de Costa Rica. Facultad de Ingeniería. Escuela de Ingeniería Eléctrica 
650 |x CENTRALES TELEFONICAS   |x RELES ELECTRICOS   |x COMPUTADORAS ELECTRONICAS ANALOGICAS  |9 9567 
700 |9 8994  |a Yang Hung, Chi Lin 
942 |c TFG 
999 |c 18871  |d 18871